| 000 | 00944cam a22002414a 4500 | ||
|---|---|---|---|
| 020 | _a0754610721 | ||
| 082 | 0 | 0 |
_a327.172 _bKEE _cN-01, P-115,P-92 |
| 100 | 1 |
_aKeeley, James F. _937757 |
|
| 245 | 1 | 0 |
_aCommercial satellite imagery, and United Nations peacekeeping : _ba view from above / _cedited by James F. Keeley, Rob Huebert. |
| 260 |
_aAldershot, Hants, England ; _aBurlington, VT : _bAshgate, _cc2004. |
||
| 300 |
_axv, 251 p. : _bill. ; _c24 cm. |
||
| 526 |
_a0 _b0 _c0 _d327_172000000000000_KEE |
||
| 526 |
_a0 _b0 _c0 _d327_172000000000000_KEE |
||
| 526 |
_a0 _b0 _c0 _d327_172000000000000_KEE |
||
| 526 |
_a0 _b0 _c0 _d327_172000000000000_KEE |
||
| 526 |
_a0 _b0 _c0 _d327_172000000000000_KEE |
||
| 650 | 0 |
_aArtificial satellites in remote sensing _xPolitical aspects. _937758 |
|
| 650 | 0 |
_aNational security. _912985 |
|
| 650 | 0 |
_aNUST _96342 |
|
| 650 | 0 |
_aSpace surveillance. _937759 |
|
| 700 | 1 |
_aHuebert, Robert N. _937760 |
|
| 942 |
_2ddc _cBK |
||
| 999 |
_c542552 _d542552 |
||